QCM Iron Man - Statistiques

Statistiques générales
  • Ce quiz a été pris 264 fois
    263 depuis la dernière actualisation
  • Le résultat moyen est 8 sur 10
Statistiques - réponses
Question Réponse % Correct
Quel est le nom de Iron Man ? Tony Stark
100%
Quel est le nom de la compagnie de Iron Man ? Stark Industries
99%
Quel acteur interprète Iron Man ? Robert Downey Jr
97%
Quel est le nom de son assistante qui deviendra sa compagne ? Pepper Potts
96%
Dans quel pays se trouve Iron Man au début du film "Iron Man" ? Afghanistan
90%
Sur quelle planète Iron Man combat-il Thanos dans "Avengers : Infinity War" ? Titan
71%
Comment s'appelle l'armure qu'utilise Iron Man pour combattre Hulk dans "Avengers : L'ère d'Ultron" ? Veronica
69%
Lequel de ces super-héros fait partie de l'équipe d'Iron Man dans "Captain America : Civil War" ? Black Widow
66%
Quel terme ne correspond pas à Iron Man ? Surdoué
57%
A quoi Iron Man compare t-il Rocket dans "Avengers : Endgame" ? Un ours en peluche
48%
Aucun quiz correspondant
Distribution des résultats
% des personnes avec chaque résultat
Percentile par nombre de réponses
Votre historique - résultats
Vous n’avez pas pris ce quiz depuis la dernière actualisation